000 00467nam a2200133Ia 4500
008 100328s9999 xx 000 0 und d
082 _b28350
100 _aरांगणेकर कुमुदिनी
245 _aनिनावी पत्रांची साथ
260 _bमाुश्री
630 _aनिनावी पत्रांची साथ
730 _aनिनावी पत्रांची साथ
942 _cBOOK
999 _c519818
_d519815